000 00789nam a2200289Ia 4500
001 53212
003 IT-RoPAU
008 130308s9999 xx 000 0 und d
040 _aIT-RoPAU
040 _cIT-RoPAU
041 _aITALIANO
100 _aColombo Fausto
100 _gCodice Aut. SPICS: 14748
245 _aSpecchio di Gulliver (Lo)-Il film come viaggio interiore
245 _bAltrove Perduto (L')-Il Viaggio nel Cinema e Nei Mass Media
250 _a1a ed.
260 _aROMA
260 _bGremese
260 _c1987 [1° Ed.:1987 - Ed.Ling.Originale:1987]
300 _a"6 p. (prefazione: no ; testo: 6 [pagine: 94-99])"
650 _aSAGGI SUL CINEMA
650 _eCodice materia Spics: 6811
942 _cBK
957 _71
999 _c55869
_d55869
999 _bSI
999 _g1